How to write a phenomenological dissertation a step-by- step guide

Saved in:
Bibliographic Details
Main Author: PEOPLES, Katarzyna
Format: Book
Language:English
Published: SAGE 2021
Tags: Add Tag
No Tags, Be the first to tag this record!

MARC

LEADER 00000nam a22000007a 4500
008 231211b |||||||| |||| 00| 0 eng d
020 |a 9781544328367 
100 |a PEOPLES, Katarzyna 
245 |a How to write a phenomenological dissertation   |b a step-by- step guide  |c Katarzyna Peoples  |e qualitative research methods  |g xv, 169p 
260 |b SAGE  |c 2021  |h Los Angeles  |i 701761  |i 701762  |l B829.5.P39  |m Phenomenology-Research  |m Dissertation, Academic-Authorship 
500 |a it includes reference and index 
942 |a lcc  |c BK  |e Johnson  |f 11/12/23 
952 |0 0  |1 0  |2 lcc  |4 0  |6 B08295 P39  |7 0  |9 4668  |a ART  |b HOL  |c AF  |d 2023-12-11  |l 0  |o B829.5.P39  |p 2023-0583  |r 2023-12-11 00:00:00  |t 701761  |w 2023-12-11  |y BK 
952 |0 0  |1 0  |2 lcc  |4 0  |6 B08295 P39  |7 0  |9 4669  |a HOL  |b HOL  |c AF  |d 2023-12-11  |l 0  |o B829.5.P39  |p 2023-0584  |r 2023-12-11 00:00:00  |t 701762  |w 2023-12-11  |y BK 
999 |c 2341  |d 2341